| 000 | 01372nam a2200349 a 4500 | ||
|---|---|---|---|
| 001 | ebr10392285 | ||
| 003 | CaPaEBR | ||
| 006 | m u | ||
| 007 | cr cn||||||||| | ||
| 008 | 100129s2010 njua sb 001 0 eng | ||
| 010 | _z 2010001877 | ||
| 020 | _z9780470744024 | ||
| 020 | _z9780470744758 (e-book) | ||
| 040 |
_aCaPaEBR _cCaPaEBR |
||
| 035 | _a(OCoLC)649909764 | ||
| 050 | 1 | 4 |
_aQA76.9.D3 _bL576 2010eb |
| 082 | 0 | 4 |
_a004.165 _222 |
| 100 | 1 | _aLitovski, Ivan. | |
| 245 | 1 | 0 |
_aInside the Symbian SQL _h[electronic resource] : _ba mobile developer's guide to SQLite / _clead authors, Ivan Litovski with Richard Maynard with James Aley ... [et al.]. |
| 260 |
_aHoboken, N.J. : _bJohn Wiley & Sons, _c2010. |
||
| 300 |
_axxvi, 404 p. : _bill. |
||
| 504 | _aIncludes bibliographical references and index. | ||
| 533 |
_aElectronic reproduction. _bPalo Alto, Calif. : _cebrary, _d2010. _nAvailable via World Wide Web. _nAccess may be limited to ebrary affiliated libraries. |
||
| 630 | 0 | 0 | _aSymbian SQL. |
| 630 | 0 | 0 | _aSymbian OS (Computer file) |
| 650 | 0 | _aDatabase management. | |
| 650 | 0 | _aMobile computing. | |
| 655 | 7 |
_aElectronic books. _2local |
|
| 700 | 1 |
_aMaynard, Richard, _d1973- |
|
| 710 | 2 | _aebrary, Inc. | |
| 856 | 4 | 0 |
_uhttp://site.ebrary.com/lib/rucke/Doc?id=10392285 _zAn electronic book accessible through the World Wide Web; click to view |
| 999 |
_c90348 _d90348 |
||